书目信息 |
| 题名: |
木材
|
|
| 作者: | 克里斯·莱夫特瑞 | |
| 分册: | ||
| 出版信息: | 上海 上海人民美术出版社 2004 |
|
| 页数: | 158 | |
| 开本: | 26cm | |
| 丛书名: | ||
| 单 册: | ||
| 中图分类: | R334 | |
| 科图分类: | ||
| 主题词: | 人体生理学 | |
| 电子资源: | ||
| ISBN: | 7-5322-4022-3 | |
| 000 | 00553nam0 2200181 450 | |
| 001 | 0729297901 | |
| 005 | 20071003080817.90 | |
| 010 | @a7-5322-4022-3@b精装@d¥78.00 | |
| 100 | @a20071003d km y0chiy0120 ea | |
| 101 | 0 | @achi |
| 200 | 1 | @a木材@Amu cai@f(英)克里斯.莱夫特瑞@F(ying)ke li si.lai fu te rui |
| 210 | @a上海@c上海人民美术出版社@d2004 | |
| 215 | @a158@d26cm | |
| 606 | 0 | @a人体生理学 |
| 690 | @aR334@v4 | |
| 701 | 0 | @a克里斯·莱夫特瑞@Ake li si·lai fu te rui |
| 801 | 0 | @aCN@b大连网信软件有限公司图书馆·11@c20071003 |
| 905 | @a213230@dR334@eM1 | |
| 木材/(英)克里斯.莱夫特瑞.-上海:上海人民美术出版社,2004 |
| 158;26cm |
| ISBN 7-5322-4022-3(精装):¥78.00 |
| ● |
| 相关链接 |
|
|
|
|
正题名:木材
索取号:R334/M1
 
预约/预借
| 序号 | 登录号 | 条形码 | 馆藏地/架位号 | 状态 | 备注 |
| 1 | 6401529 | 264015229 | 美术系资料室/ [索取号:R334/M1] | 在馆 |